000 00516nam a2200193 a 4500
001 1770813380106
003 YourLibrary
005 20260211180753.0
008 260211s2007##################000#0#eng##
020 _a9780719072772
082 0 4 _a306.7
_bASH
100 1 _aAshbee, Edward,
_eauthor.
245 1 0 _aThe Bush Administration, Sex and the Moral Agenda :
260 _c2007.
300 _a272 pages
650 0 _aBiography & Autobiography.
942 _cENGLISH
040 _aYourLibrary
_beng
_cYourLibrary
999 _c611888
_d611888